Szczegóły MARC21

Socjologia : koncepcje i ich zastosowanie /

003 -Nazwa inst., której nr kontr. jest w polu 001 [,]
    • @
    • Nazwa instytucji, której n kontrolny jest w polu 001
    • NUKAT
005 -DATA I CZAS OSTATNIEJ MODYFIKACJI [,]
    • @
    • pole kontrolne
    • 20260429175822.0
020 -Międzynarod. znormalizowany nr książki - ISBN [ , ]
    • a
    • Numer ISBN
    • 8371504594 Find
040 -Instytucja sporządzająca opis [ , ]
    • a
    • Instytucja, która sporządziła opis (NP)
    • GD PAN/EC
    • b
    • Język katalogowania
    • pol
    • e
    • Zasady katalogowania
    • rda
    • c
    • Instytucja, która sporządziła rekord (NP)
    • GD PAN/EC
    • d
    • Instytucja, która zmodyfikowała rekord (P)
    • GD PAN/KM
    • d
    • Instytucja, która zmodyfikowała rekord (P)
    • GD PAN/JMSs
    • d
    • Instytucja, która zmodyfikowała rekord (P)
    • KR U/42JCs SZCZ 010/JT
    • d
    • Instytucja, która zmodyfikowała rekord (P)
    • GL 001/ER
041 -Język dokumentu [1, ]
    • a
    • Język tekstu (P)
    • polski
    • h
    • Język tekstu oryginalnego i/lub pośredniego (P)
    • angielski
942 -Rodzaj dokumentu [ , ]
    • c
    • Rodzaj dokumentu
    • Książka
100 -Hasło główne - nazwa osobowa [1, ]
    • a
    • Nazwa osobowa (NP)
    • Turner, Jonathan H.
    • d
    • Daty biograficzne (NP)
    • (1942- ).
    • e
    • Rodzaj współpracy
    • Autor
    • 9
    • KHW
    • 15449
240 -Tytuł ujednolicony [1,0]
    • a
    • Tytuł ujednolicony
    • Sociology: concepts and uses
    • l
    • Język tekstu
    • (pol.)
    • 9
    • KHW
    • 598919
245 -Strefa tytułu i oznaczenia odpowiedzialności [1,0]
    • a
    • Tytuł
    • Socjologia : Find
    • b
    • Ciąg dalszy tytułu (NP)
    • koncepcje i ich zastosowanie / Find
    • c
    • Pozostałe elementy strefy tytułu i oznaczenia odpowiedzialności (NP)
    • Jonathan H. Turner ; przekład Ewa Różalska.
250 -Strefa wydania [ , ]
    • a
    • Oznaczenie wydania (NP)
    • Wydanie I.
260 -Strefa adresu wydawniczego [ , ]
    • a
    • Miejsce wydania (P)
    • Poznań :
    • b
    • Nazwa wydawcy (P)
    • Zysk i S-ka Wydawnictwo,
    • c
    • Data wydania (P)
    • copyright 1998.
300 -Strefa opisu fizycznego [ , ]
    • a
    • Określenie formy książki i/lub objętość (NP)
    • 263, [1] strona :
    • b
    • Oznaczenie ilustracji (NP)
    • ilustracje ;
    • c
    • Format (NP)
    • 24 cm.
336 -Typ zawartości [ , ]
    • a
    • Termin opisujący typ zawartości
    • Tekst
    • b
    • Kod określający zawartość
    • txt
    • 2
    • Źródło (terminu i kodu)
    • rdacontent
337 -Typ mediów [ , ]
    • a
    • Tryb odtwarzania
    • Bez urządzenia pośredniczącego
    • b
    • Kod typu mediów
    • n
    • 2
    • Źródło (terminu i kodu)
    • rdamedia
338 -Typ/rodzaj nośnika [ , ]
    • a
    • Hasło opisujące typ nośnika
    • Wolumin
    • b
    • Kod typu nośnika
    • nc
    • 2
    • Źródło (terminu i kodu)
    • rdacarrier
380 -Deskryptor - Forma dzieła (P) [ , ]
    • a
    • forma dzieła (NP)
    • Książki
380 -Deskryptor - Forma dzieła (P) [ , ]
    • a
    • forma dzieła (NP)
    • Publikacje dydaktyczne
380 -Deskryptor - Forma dzieła (P) [ , ]
    • a
    • forma dzieła (NP)
    • Publikacje naukowe
385 -Deskryptor - grupa odbiorców (P) [ , ]
    • m
    • wyrażenie wprowadzające (NP)
    • Poziom nauczania
    • a
    • termin określający odbiorcę (P)
    • Szkoły wyższe
385 -Deskryptor - grupa odbiorców (P) [ , ]
    • a
    • termin określający odbiorcę (P)
    • Szkoły wyższe
504 -Uwaga dot. bibliogr. załącznikowej [ , ]
    • a
    • Uwaga dot. bibliografii załącznikowej
    • Bibliografia na stronach 244-252.
080 -Uniwersalna Klasyfikacja Dziesiętna [ , ]
    • 2
    • Identyfikator wydania tablic
    • UDC-P058
    • a
    • Symbol klasyfikacji
    • 316
    • b
    • Dopowiedzenie
    • Socjologia.
    • x
    • Poddział wspólny
    • (075.8)
    • b
    • Dopowiedzenie
    • Socjologia.
    • 9
    • UKD
    • 2742
    • 4
    • UKD2
    • 7665
    • x
    • Poddział wspólny
    • (075.8)
    • c
    • Dopowiedzenie poddz. wspólnego
    • (Podręczniki dla szkół wyższych. Skrypty).
650 -Hasło przedmiotowe [ ,7]
    • a
    • Hasło przedmiotowe
    • Socjologia
    • 2
    • Źródło terminu
    • DBN
    • 9
    • KHW
    • 721469
650 -Hasło przedmiotowe [ ,7]
    • a
    • Hasło przedmiotowe
    • Socjologia
    • v
    • Określnik formalny
    • podręczniki akademickie.
    • 2
    • Źródło terminu
    • kaba
    • 9
    • KHW
    • 357222
655 -Hasło w funkcji tematu formalnego [ ,7]
    • a
    • Hasło
    • Podręcznik
    • 2
    • Źródło terminu
    • DBN
    • 9
    • KHW
    • 720960
980 -Symbol UKD [ , ]
    • a
    • UKD
    • 316(075.8)
700 -Hasło dodatkowe - nazwa osobowa [1, ]
    • a
    • Nazwa osobowa (NP)
    • Różalska, Ewa. Find
    • e
    • Określenie rodzaju współpracy
    • Tłumaczenie
    • 9
    • KHW
    • 470804
710 -Hasło dodatkowe - nazwa ciała zbiorowego [2, ]
    • a
    • Nazwa ciała zbiorowego lub nazwa geograficzna jako pierwszy element (NP)
    • Zysk i S-ka Wydawnictwo.
    • e
    • Rodzaj współpracy
    • Wydawca
    • 4
    • Kod relacji
    • pbl
    • 9
    • KHW
    • 54028
920 -ISBN [ , ]
    • a
    • ISBN
    • 83-7150-459-4 Find
Numer inwentarzowy Sygnatura Status udost. Uwagi nie widoczne w OPAC Lokalizacja Data inwentaryzacji
S.92464 -2przepisanyBE2006-06-30
W.197775W.197775-9przepisanyBG1999-02-15
W.197776W.197775-9przepisanyBG1999-02-15
W.197777W.197775-9przepisanyBG1999-02-15
W.197778W.197775-9przepisanyBG1999-02-15
W.197779W.197775-9przepisanyBG1999-02-15
W.197780W.1977752przepisanyBG1999-02-15
W.197781W.1977752przepisanyBG1999-02-15
W.197782W.1977752przepisanyBG1999-02-15
W.197783W.1977752przepisanyBG1999-02-15
W.197784W.1977752przepisanyBG1999-02-15
W.197785W.1977752przepisanyBG1999-02-15
W.197786W.1977752przepisanyBG1999-02-15
W.197787W.1977752przepisanyBG1999-02-15
W.197788W.1977752przepisanyBG1999-02-15
W.197789W.1977752przepisanyBG1999-02-15
W.203917W.1977752przepisanyBG2001-03-26
W.203918W.1977752przepisanyBG2001-03-26
Z.93281 -6przepisanyBG1999-02-15
WM.5795 -9 BG2006-11-21
H.22274 1 BNS2012-06-27
F.28832 -3przepisanyBNS1999-02-15
F.28831 -3przepisanyBNS1999-02-15
Pd.14450 -3przepisanyBNS2002-01-09
Pd.14451 -3przepisanyBNS2002-01-09
Pd.14452 -3przepisanyBNS2002-01-09
GW.1719316-3 GW2015-09-09
GW.1720316-3 GW2015-09-09
TM.3906 -3przepisanyT2006-03-01
TM.388 -3przepisanyT2002-11-20
TM.389 -3przepisanyT2002-11-20
TM.1941 -2przepisanyT2003-12-05
T.6690T.6690-2przepisanyT2002-03-14